[Event "GER-chT U20"]
[Site "Hamburg"]
[Date "2001.12.27"]
[Round "2.6"]
[White "Bernhardt, Lena"]
[Black "Heyden, Jonas"]
[Result "0-1"]
[WhiteElo "1009"]
[BlackElo "1456"]
[PlyCount "68"]
[EventDate "2001.12.26"]
[EventType "team"]
[EventRounds "7"]
[EventCountry "GER"]
[SourceTitle "EXT 2003"]
[Source "ChessBase"]
[SourceDate "2002.11.25"]
[SourceVersion "1"]
[SourceVersionDate "2002.11.25"]
[SourceQuality "1"]

1. e4 e5 2. Nf3 Nc6 3. Bb5 d6 4. 0-0 Be7 5. c3 a6 6. Bc4 Nf6 7. Re1 Bg4 8. d3 0-0 9. Bg5 Re8 10. Bxf6 Bxf6 11. Nbd2 Na5 12. b4 Nxc4 13. Nxc4 b5 14. Ne3 Bh5 15. Nf5 d5 16. Ng3 Bg4 17. h3 Be6 18. Rc1 dxe4 19. Rxe4 Bxa2 20. Nh5 Bd5 21. Re1 Bg5 22. Rb1 Bf6 23. Qe2 e4 24. Nxf6+ Qxf6 25. d4 h6 26. Nd2 Qg6 27. Qf1 Re6 28. g3 Rae8 29. Qg2 c6 30. Qf1 e3 31. Re2 exd2 32. Rd1 Rxe2 33. f3 Qxg3+ 34. Qg2 Qxg2# 0-1